000 01518nam a2200301 a 4500
003 BD-RjUL
005 20250625120620.0
008 250625s1955 nyuabc 000 0 eng
035 _a(BD-RjUL)
040 _aDLC
_cODaWU
_dOCoLC
_dDLC
_dBD-RjUL
_beng
041 _aeng
082 _223
_a828.6
_bBOB 1955
100 1 _aBoswell, James,
_d1740-1795.
_915766
245 1 0 _aBoswell on the grand tour:
_bItaly, Corsica, and France, 1765-1766 /
_cEdited by Frank Brady and Frederick A. Pottle.
250 _a[1st ed.]
260 _aNew York :
_bMcGraw-Hill
_c1955.
300 _axxv, 356 p.:
_billus.;
_c25 cm.
505 0 _aIntroduction, by F. Brady.--Boswell in Italy, 1765.--The journal of a tour to Corsica and memoirs of Pascal Paoli.--The voyage home, 1765-1766.--Appendix A. Correspondence with Girolama Piccolomini (Moma), 1766-1769.--Appendix B. Letters of Rousseau to Thérèse Le Vasseur.--Appendix C. Discarded portion of letter from Boswell to Rousseau.--Appendix D. Paragraphs from "The London chronicle" concerning Corsica and Boswell.
600 1 0 _aPaoli, Pasquale,
_d1725-1807.
_915768
651 0 _aItaly
_xDescription and travel.
_92518
651 0 _aCorsica (France)
_xDescription and travel.
_915769
651 0 _aFrance
_xDescription and travel.
_915770
700 1 _aBrady, Frank,
_eed.
_915771
700 1 _aPottle, Frederick A.
_q(Frederick Albert),
_d1897-1987,
_eed.
_915772
942 _2ddc
_cBK
999 _c85052
_d85052